Biotreatment, downstream processing and modelling

Furkejuvvon:
Bibliográfalaš dieđut
Váldodahkki: Scheper, Thomas (Dahkki)
Materiálatiipa: Girji
Giella:eaŋgalasgiella
Almmustuhtton: Berlín Springer Verlag 1997
Ráidu:Advances in Biochemical Engineering Biotechnology, 56
Fáttát:
Fáddágilkorat: Lasit fáddágilkoriid
Eai fáddágilkorat, Lasit vuosttaš fáddágilkora!

MARC

LEADER 00000nam a2200000 a 4500
001 UCS6177
003 CL-VaPUC
008 970912e19970000GW |||||||||||||||||eng|d
082 0 4 |a 660.63  |b SCH  |2 21 
100 0 |a Scheper, Thomas  |e author  |9 391677 
245 1 0 |a Biotreatment, downstream processing and modelling 
300 |a 205 p 
942 |c BK 
945 |d 19970912 00:00:00  |a jquezada 
260 |a Berlín  |b Springer Verlag  |c 1997 
650 0 |a Ingeniería bioquímica   |9 260241 
650 7 |a ENZIMOLOGIA  |2 CL-VaPUC  |9 263051 
650 7 |a FENOMENOS BIOQUIMICOS  |2 CL-VaPUC  |9 360969 
650 0 |a Bioquímica   |9 259492 
650 0 |a Antibióticos  |9 263034 
650 0 |a Tecnología química   |9 263002 
583 |a last modification  |c 20120326 09:28:17  |k Rodrigo Vera 
490 0 |a Advances in Biochemical Engineering Biotechnology, 56 
999 |c 262129  |d 262127 
952 |0 0  |1 0  |4 0  |6 660_630000000000000_SCH_1997  |7 0  |8 A  |9 290334  |a BIBING  |b BIBING  |d 2019-11-19  |i 3350177  |o 660.63 SCH 1997  |p 3350177  |r 2025-01-20  |w 2019-11-19  |y BK  |k EIB 
952 |0 0  |1 0  |4 0  |6 660_630000000000000_SCH_1997  |7 0  |8 A  |9 290335  |a BIBING  |b BIBING  |d 2019-11-19  |i 3592405  |o 660.63 SCH 1997  |p 3592405  |r 2025-01-20  |w 2019-11-19  |y BK  |k EIB